| 000 | 00535nam a2200169Ia 4500 | ||
|---|---|---|---|
| 008 | 230917s9999||||xx |||||||||||||| ||und|| | ||
| 020 | _cRS195 | ||
| 040 |
_e257478 _aMAIN |
||
| 041 | _aEnglish | ||
| 082 | _a342.546 C349C | ||
| 100 | _aBare Act( Universal) | ||
| 245 | 0 | _aConstitutional of India: As amended by the Jammu and Kashmir reorganisation act, 2019 (34 of 2019) (w.e.f 31.10.2019) | |
| 260 |
_aGurgaon _bLexis Nexis _c{n.d.} |
||
| 300 | _a255 p. | ||
| 500 | _a3584 19/08/2019 IBS19/83 04/09/2019 Main Budget | ||
| 942 | _cBK | ||
| 999 |
_c32508 _d32508 |
||